Social reproduction : the political economy of the labour market

Αποθηκεύτηκε σε:
Λεπτομέρειες βιβλιογραφικής εγγραφής
Κύριος συγγραφέας: Picchio, Antonella
Μορφή: Βιβλίο
Γλώσσα:English
Δημοσίευση: Cambridge, [England] ; New York : Cambridge University Press, 1992
Θέματα:
Ετικέτες: Προσθήκη ετικέτας
Δεν υπάρχουν, Καταχωρήστε ετικέτα πρώτοι!

MARC

LEADER 00000cam a2200000 i 4500
001 1/89150
008 981118s1992 eng d
020 |a 0-521-41872-0 
035 |l 10035677 
035 |a 1993  |b 1  |c Βιτσιλάκη 
040 |a GR-MY-UA  |b gre  |e aacr 
041 0 |a eng 
082 0 |a 331.12  |2 (20) 
100 1 |a Picchio, Antonella. 
245 1 0 |a Social reproduction :  |b the political economy of the labour market /  |c Antonella Picchio 
260 |a Cambridge, [England] ; New York :   |b Cambridge University Press,   |c 1992 
300 |a xii, 193 p.;  |c 24 cm 
504 |a Περιέχει βιβλιογραφικές παραπομπές: σ. 160-187 
504 |a Περιέχει ευρετήριο 
650 0 0 |a Labor economics. 
650 0 0 |a Labor market. 
650 0 0 |a Labor supply. 
650 0 0 |a Labor policy. 
650 0 0 |a Working class. 
650 0 0 |a Social classes. 
852 |a INST  |b RHODES  |e 19981118  |h 331.12 PIC  |p 005400009554  |q 005400009554  |t BK  |y 0 
909 |a Ρ  |b 027001  |c 1993